Jeux de mots autour de "1000". - Statistiques

Statistiques générales
  • Ce quiz a été pris 50 fois
  • Le résultat moyen est 5 sur 13
Statistiques - réponses
Hint Réponse % Correct
Nom d'une céréale d'Afrique dont on peut faire de la bière. mil
98%
Quel arthropode, indique par son nom qu'il aurait besoin de beaucoup de chaussures s'il devait en porter? mille-pattes|millepattes
89%
Nom d'une pâtisserie française, faite de trois couches de pâte feuilletée et deux couches de crème pâtissière. mille-feuille|mille feuille|millefeuille
83%
Dans quel jeu de société peut-on retrouver les cartes "Accident", "Panne d'essence", "Crevaison", "Limite de vitesse", "Feu Rouge". Milles bornes|1000 Bornes
62%
Nombre représenté dans la partie centrale d'une cible. 1000
51%
Terme qui désigne l'année de vendange des raisins et de l'élaboration des vins. millésime
51%
Plante aux fleurs jaunes utilisée notamment dans le traitement contre les états dépressifs transitoires. millepertuis
19%
Dans quelle série française de films, peut-on entendre le titre "Millénaire" (feat Disiz La Peste Jalane Faf Larage)? Taxi
15%
Combien de kilomètres vaut un mille? 1,609
11%
Une des expressions favorites du capitaine Haddock. mille millions de mille sabords
11%
Plateau granitique du Massif Central situé en Nouvelle-Aquitaine. plateau de Millevaches
9%
Acteur français, dont le personnage de Chico lui permit d'accéder à la notoriété, a joué dans le personnage de "Lionel Chalon" dans la série "Baron Noir". Patrick Mille
2%
Nom d'une course d'endurance (aller-retour Brescia-Rome-Brescia en 24 heures) créée en 1927. mille miglia|mille milles
0%
Aucun quiz correspondant
Distribution des résultats
% des personnes avec chaque résultat
Percentile par nombre de réponses
Votre historique - résultats
Vous n’avez pas pris ce quiz